Bundesliga: 100+ Matches (2000-) - Statistics

General Stats
  • This quiz has been taken 49 times
  • The average score is 314 of 772
Answer Stats
Ranking Player Positions Nationality Matches Goals (assists) Periods Clubs % Correct
506 Florian Müller GK 131 0 (0) 2017-2022, 2024-2025
100%
678 Lars Müller DF, MF 110 6 (9) 2001-2002, 2004-2006
100%
270 Nicolai Müller MF, FW 185 42 (26) 2011-2019
100%
769 Sven Müller DF, MF 100 6 (9) 2000-2006
100%
2 Thomas Müller MF, FW 503 150 (174) 2008-2025
100%
1 Manuel Neuer GK 523 0 (0) 2006-2025
96%
9 Marco Reus MF, FW 391 156 (95) 2009-2024
96%
5 Mats Hummels DF 442 33 (17) 2006-2024
92%
10 Philipp Lahm DF, MF 385 14 (40) 2003-2017
92%
12 Robert Lewandowski FW 384 312 (56) 2010-2022
92%
164 Frank Baumann DF, MF 228 10 (11) 2000-2009
88%
35 Lukáš Hrádecký GK 323 0 (0) 2015-2025
88%
3 Oliver Baumann GK 489 0 (2) 2009-2025
88%
4 Claudio Pizarro FW 465 187 (57) 2000-2006, 2008-2020
84%
85 Franck Ribéry MF, FW 273 85 (94) 2007-2019
84%
39 Jérôme Boateng DF 314 5 (18) 2006-2009, 2011-2021
84%
358 Kevin-Prince Boateng MF, FW 163 16 (13) 2005-2006, 2008-2009, 2013-2014, 2017-2018, 2021-2023
84%
33 Mario Gómez FW 328 170 (28) 2003-2012, 2016-2019
84%
8 Stefan Kießling MF, FW 403 144 (51) 2002-2003, 2004-2018
84%
61 Yann Sommer GK 291 0 (1) 2014-2023
84%
218 Arjen Robben MF, FW 201 99 (51) 2009-2019
80%
23 Halil Altıntop MF, FW 351 67 (29) 2003-2010, 2013-2017
80%
240 Hamit Altıntop DF, MF 192 16 (17) 2003-2010, 2016-2017
80%
56 Joshua Kimmich DF, MF 295 29 (71) 2015-2025
80%
55 Leon Goretzka MF 296 49 (36) 2013-2025
80%
11 Makoto Hasebe DF, MF 384 7 (19) 2007-2024
80%
37 Mario Götze MF, FW 317 66 (55) 2009-2019, 2022-2025
80%
18 Naldo DF 358 46 (13) 2005-2009, 2011-2019
80%
123 Oliver Kahn GK 251 0 (0) 2000-2008
80%
20 Roman Weidenfeller GK 355 0 (0) 2000-2018
80%
73 Stefan Bell DF 284 13 (10) 2012-2018, 2020-2025
80%
88 Vincenzo Grifo MF, FW 273 66 (64) 2012-2013, 2016-2025
80%
68 Andrej Kramarić MF, FW 286 126 (54) 2015-2025
76%
54 David Alaba DF, MF 298 25 (27) 2009-2021
76%
664 Edin Džeko FW 111 66 (17) 2007-2011
76%
21 Julian Brandt MF, FW 354 70 (74) 2013-2025
76%
169 Kingsley Coman MF, FW 227 46 (41) 2015-2025
76%
221 Leroy Sané MF, FW 200 51 (45) 2013-2015, 2020-2025
76%
109 Marcel Schmelzer DF 258 3 (20) 2008-2020
76%
13 Matthias Ginter DF, MF 380 22 (14) 2011-2025
76%
15 Maximilian Arnold MF 375 44 (40) 2011-2025
76%
42 Max Kruse MF, FW 307 97 (70) 2007-2008, 2010-2011, 2012-2018, 2020-2023
76%
158 Neven Subotić DF 232 16 (2) 2006-2007, 2008-2017, 2019-2020
76%
65 Niklas Süle DF 288 16 (10) 2012-2025
76%
766 Pascal Groß DF, MF, FW 100 6 (16) 2008-2009, 2015-2016, 2024-2025
76%
376 Salif Sané DF, MF 159 14 (2) 2013-2015, 2017-2021
76%
139 Sven Ulreich GK 242 0 (0) 2007-2008, 2009-2019, 2021-2025
76%
29 Bastian Schweinsteiger DF, MF 342 45 (58) 2002-2015
72%
6 Christian Gentner MF 430 46 (39) 2004-2015, 2017-2021
72%
16 Daniel Caligiuri DF, MF, FW 372 51 (43) 2009-2023
72%
464 Jamal Musiala MF, FW 139 45 (23) 2019-2025
72%
41 Jonathan Tah DF 307 15 (8) 2013-2014, 2015-2025
72%
34 Kevin Trapp GK 325 0 (0) 2010-2014, 2018-2025
72%
14 Lars Stindl MF, FW 376 85 (56) 2007-2008, 2010-2023
72%
195 Lukas Podolski MF, FW 210 70 (33) 2003-2004, 2005-2012
72%
763 Marco Caligiuri DF, MF 100 6 (3) 2005-2006, 2010-2014
72%
440 Pierre-Emerick Aubameyang MF, FW 144 98 (21) 2013-2018
72%
138 Serge Gnabry DF, MF, FW 242 91 (39) 2016-2025
72%
27 Vedad Ibišević FW 344 127 (39) 2006-2007, 2008-2021
72%
49 Aaron Hunt MF, FW 303 56 (39) 2004-2018
68%
80 Ádám Szalai FW 276 54 (18) 2009-2022
68%
43 Cacau FW 306 89 (33) 2001-2014
68%
26 Christian Günter DF, MF 346 13 (42) 2012-2014, 2016-2025
68%
187 Dayot Upamecano DF 214 8 (8) 2016-2025
68%
59 Eric Maxim Choupo-Moting MF, FW 292 64 (23) 2007-2008, 2009-2016, 2020-2024
68%
459 Florian Wirtz MF, FW 140 35 (45) 2019-2025
68%
25 Frank Rost GK 347 1 (0) 2000-2011
68%
348 Gregor Kobel GK 165 0 (0) 2018-2019, 2020-2025
68%
53 Jonathan Schmid DF, MF 299 35 (34) 2010-2023
68%
520 Keven Schlotterbeck DF 128 10 (2) 2018-2025
68%
30 Łukasz Piszczek DF, MF 332 19 (40) 2007-2021
68%
226 Michael Ballack MF 198 71 (38) 2000-2005, 2010-2012
68%
48 Miroslav Klose FW 304 120 (53) 2000-2011
68%
413 Nico Schlotterbeck DF 149 11 (11) 2018-2025
68%
24 Patrick Herrmann DF, MF, FW 351 47 (43) 2009-2024
68%
448 Patrik Schick MF, FW 143 74 (7) 2019-2025
68%
31 Rafinha DF 332 12 (32) 2005-2009, 2011-2019
68%
196 Roman Bürki GK 210 0 (0) 2014-2022
68%
645 Romano Schmid MF, FW 114 10 (16) 2020-2021, 2022-2025
68%
155 Sebastian Rode MF 233 15 (11) 2010-2011, 2012-2016, 2018-2024
68%
19 Sebastian Rudy MF 358 17 (38) 2008-2023
68%
421 Shinji Kagawa MF, FW 148 41 (32) 2010-2011, 2014-2019
68%
111 Timo Werner MF, FW 257 102 (39) 2013-2019, 2022-2024
68%
51 Torsten Frings MF 302 41 (35) 2000-2011
68%
79 Zé Roberto DF, MF 277 27 (73) 2000-2005, 2007-2011
68%
618 Aarón Martín DF, MF 116 6 (7) 2018-2023
64%
198 Alassane Pléa MF, FW 209 58 (38) 2018-2025
64%
159 Bernd Schneider DF, MF 231 32 (56) 2000-2009
64%
662 Christian Poulsen MF 111 3 (6) 2002-2006
64%
215 Dante DF 202 12 (2) 2008-2016
64%
126 Filip Kostić DF, FW 249 35 (58) 2014-2023
64%
7 Gonzalo Castro DF, MF 420 38 (63) 2004-2018, 2020-2022
64%
665 Hakan Çalhanoğlu MF, FW 111 28 (20) 2013-2017
64%
69 Hans-Jörg Butt GK 286 9 (0) 2000-2006, 2008-2012
64%
83 Jonas Hofmann MF, FW 275 53 (53) 2012-2025
64%
261 Kevin Großkreutz DF, FW 186 23 (22) 2009-2016
64%
275 Klaas-Jan Huntelaar FW 184 84 (20) 2010-2016, 2020-2021
64%
253 Konrad Laimer DF, MF 188 12 (18) 2017-2025
64%
113 Lars Bender DF, MF 256 22 (26) 2009-2021
64%
133 Luiz Gustavo DF, MF 245 15 (9) 2008-2017
64%
681 Mario Mandžukić MF, FW 110 53 (16) 2010-2014
64%
652 Martin Max FW 113 52 (10) 2000-2004
64%
287 Marwin Hitz GK 181 1 (0) 2009-2011, 2013-2022
64%
753 Mesut Özil MF, FW 101 13 (28) 2006-2010
64%
382 Niclas Füllkrug FW 157 56 (18) 2011-2012, 2017-2020, 2022-2024
64%
70 Nico Elvedi DF 285 15 (8) 2015-2025
64%
105 Nuri Şahin MF 259 22 (32) 2005-2006, 2008-2010, 2012-2020
64%
131 Péter Gulácsi GK 246 0 (1) 2016-2025
64%
291 Philipp Max DF, MF 180 16 (25) 2013-2014, 2015-2019, 2022-2024
64%
403 Rafael van der Vaart MF 152 44 (31) 2005-2007, 2012-2015
64%
118 Rani Khedira DF, MF 255 9 (6) 2013-2014, 2016-2025
64%
351 Robert Andrich DF, MF 165 18 (12) 2019-2025
64%
704 Sami Khedira MF 107 14 (11) 2006-2009, 2020-2021
64%
40 Sebastian Kehl DF, MF 313 23 (16) 2000-2015
64%
151 Sergej Barbarez MF, FW 234 76 (49) 2000-2008
64%
470 Stefan Lainer DF, MF 138 5 (8) 2019-2025
64%
98 Sven Bender DF, MF 265 8 (5) 2009-2021
64%
152 Thorgan Hazard DF, MF, FW 234 43 (47) 2014-2024
64%
519 Timo Rost MF 129 6 (8) 2001-2002, 2006-2009
64%
535 Tobias Werner MF 127 24 (18) 2011-2016
64%
168 Willi Orban DF 228 26 (3) 2011-2012, 2016-2025
64%
156 Yussuf Poulsen MF, FW 233 49 (22) 2016-2025
64%
81 Alexander Meier MF, FW 276 93 (27) 2001-2002, 2003-2004, 2005-2010, 2012-2018
60%
201 André Schürrle MF, FW 207 50 (31) 2009-2012, 2014-2018
60%
475 André Silva FW 136 57 (18) 2019-2022, 2024-2025
60%
332 Antônio da Silva MF 168 14 (28) 2004-2008, 2010-2012
60%
141 Benedikt Höwedes DF 240 12 (4) 2007-2017
60%
153 Bernd Leno GK 233 0 (0) 2011-2018
60%
347 Christopher Trimmel DF, MF, FW 165 3 (28) 2019-2025
60%
179 Daniel Van Buyten DF 219 27 (3) 2004-2014
60%
222 Danny da Costa DF, FW 199 4 (19) 2011-2012, 2015-2025
60%
650 David Raum DF, MF, FW 113 6 (26) 2021-2025
60%
93 Dedê DF 269 11 (32) 2000-2011
60%
104 Diego Benaglio GK 259 0 (0) 2007-2017
60%
702 Grafite FW 107 59 (14) 2007-2011
60%
311 Granit Xhaka DF, MF 174 11 (10) 2012-2015, 2023-2025
60%
252 Hasan Salihamidžić DF, MF 188 26 (28) 2000-2006, 2011-2012
60%
145 Ivica Olić FW 236 72 (24) 2006-2016
60%
260 Jan Schlaudraff MF, FW 186 25 (20) 2002-2003, 2004-2005, 2006-2015
60%
352 Javi Martínez DF, MF 164 9 (7) 2012-2021
60%
409 Jens Lehmann GK 150 0 (0) 2000-2002, 2008-2010
60%
212 Julian Weigl DF, MF 203 6 (5) 2015-2019, 2022-2025
60%
140 Karim Bellarabi DF, MF, FW 241 37 (42) 2011-2023
60%
74 Koen Casteels GK 283 0 (1) 2012-2024
60%
172 Lewis Holtby MF 225 26 (27) 2009-2012, 2014-2017, 2024-2025
60%
147 Marcel Sabitzer DF, MF, FW 236 39 (27) 2016-2025
60%
386 Max Meyer MF, FW 156 17 (12) 2012-2017, 2020-2021
60%
91 Michael Gregoritsch MF, FW 270 59 (21) 2015-2025
60%
64 Raffael MF, FW 290 83 (45) 2007-2009, 2011-2020
60%
161 Ralf Fährmann GK 230 0 (0) 2008-2011, 2013-2018, 2020-2021, 2022-2023
60%
449 Ramy Bensebaini DF, MF 143 20 (11) 2019-2025
60%
209 Raphaël Guerreiro DF, MF 205 37 (41) 2016-2025
60%
94 René Adler GK 269 0 (1) 2006-2010, 2012-2018
60%
469 Roland Sallai MF, FW 138 20 (12) 2018-2025
60%
120 Ron-Robert Zieler GK 254 0 (0) 2010-2015, 2017-2018, 2020-2021
60%
668 Sead Kolašinac DF, MF 111 5 (9) 2012-2016, 2020-2021
60%
50 Steve Cherundolo DF 302 6 (14) 2002-2014
60%
411 Thiago Alcántara MF 150 17 (20) 2013-2020
60%
317 Toni Kroos MF 173 23 (34) 2007-2014
60%
772 Vragel da Silva DF 100 8 (0) 2001-2002, 2006-2009
60%
175 Waldemar Anton DF, MF 222 8 (9) 2015-2016, 2017-2018, 2020-2025
60%
383 Zvjezdan Misimović MF 157 37 (48) 2002-2004, 2006-2011
60%
391 Alphonso Davies DF 154 9 (21) 2018-2025
56%
199 Anthony Modeste FW 209 85 (14) 2013-2016, 2019-2023
56%
130 Arne Friedrich DF 246 15 (12) 2002-2011
56%
280 Arne Maier MF 183 8 (12) 2016-2025
56%
310 Benjamin Pavard DF 174 9 (6) 2017-2023
56%
477 Breel Embolo MF, FW 136 32 (11) 2016-2022
56%
186 Christian Wörns DF 214 13 (6) 2000-2008
56%
272 Christoph Baumgartner MF, FW 184 34 (12) 2018-2025
56%
290 Emre Can DF, MF 180 19 (12) 2012-2013, 2019-2025
56%
747 Erik Durm DF, FW 101 3 (7) 2013-2016, 2019-2022
56%
182 Florian Grillitsch DF, MF 216 7 (17) 2015-2021, 2023-2025
56%
242 Florian Neuhaus MF 190 22 (22) 2018-2025
56%
401 İlkay Gündoğan MF 152 16 (16) 2009-2016
56%
492 Ivan Perišić DF, MF, FW 134 31 (15) 2011-2015, 2019-2020
56%
149 Jakub Błaszczykowski MF 235 28 (34) 2007-2014, 2016-2019
56%
402 Jan Koller FW 152 61 (28) 2001-2005, 2007-2008
56%
500 Jeremie Frimpong DF, MF 133 23 (25) 2020-2025
56%
308 Jiří Pavlenka GK 175 0 (0) 2017-2020, 2022-2024
56%
122 John Brooks DF 252 14 (5) 2013-2024
56%
166 Jonas Hector DF, MF 228 12 (19) 2014-2017, 2019-2023
56%
116 Julian Baumgartlinger DF, MF 255 7 (9) 2011-2023
56%
399 Julian Draxler MF, FW 153 23 (21) 2010-2017
56%
607 Kai Havertz MF, FW 118 36 (21) 2016-2020
56%
97 Kevin Kampl MF 267 13 (19) 2014-2025
56%
86 Kevin Kurányi FW 273 111 (46) 2001-2009, 2015-2016
56%
67 Leonardo Bittencourt MF, FW 287 32 (32) 2012-2020, 2022-2025
56%
160 Lucas Höler MF, FW 231 42 (16) 2017-2025
56%
146 Lúcio DF 236 22 (8) 2000-2009
56%
225 Lukas Klostermann DF 198 12 (3) 2016-2025
56%
108 Manuel Friedrich DF 258 16 (3) 2003-2014
56%
350 Marcel Halstenberg DF, MF, FW 165 12 (16) 2016-2023
56%
137 Marcell Jansen DF, MF 242 25 (19) 2004-2015
56%
362 Marvin Friedrich DF 162 8 (3) 2014-2015, 2019-2025
56%
77 Marvin Plattenhardt DF, MF 278 8 (36) 2010-2023
56%
269 Matthias Lehmann MF 185 14 (5) 2003-2004, 2006-2007, 2010-2011, 2014-2018
56%
72 Maximilian Eggestein MF 284 16 (21) 2014-2025
56%
204 Maximilian Mittelstädt DF, MF, FW 207 5 (24) 2015-2025
56%
157 Mitchell Weiser DF, MF, FW 232 19 (38) 2011-2012, 2013-2020, 2022-2025
56%
114 Nadiem Amiri MF, FW 256 27 (30) 2014-2025
56%
76 Nicolas Höfler MF 280 9 (14) 2013-2014, 2016-2025
56%
363 Nico Schulz DF, MF, FW 162 5 (12) 2013-2022
56%
57 Nils Petersen MF, FW 295 89 (20) 2008-2009, 2011-2014, 2016-2023
56%
100 Ömer Toprak DF 263 7 (2) 2009-2021
56%
533 Patrick Weiser DF, MF 127 0 (8) 2000-2006
56%
461 Roberto Firmino MF, FW 140 38 (24) 2010-2015
56%
390 Sebastian Jung DF 155 2 (12) 2008-2010, 2012-2019
56%
756 Serhou Guirassy FW 101 64 (7) 2016-2017, 2022-2025
56%
66 Simon Rolfes MF 288 41 (27) 2005-2015
56%
502 Theofanis Gekas FW 133 55 (9) 2006-2011
56%
150 Tim Borowski MF 235 32 (23) 2001-2012
56%
601 Timo Baumgartl DF 119 2 (3) 2014-2015, 2017-2018, 2021-2023
56%
58 Timo Hildebrand GK 295 0 (0) 2000-2006, 2008-2009, 2011-2015
56%
102 Timothy Chandler DF, MF 262 13 (18) 2010-2025
56%
95 Tim Wiese GK 269 0 (0) 2002-2013
56%
129 Tony Jantschke DF, MF 247 5 (7) 2008-2024
56%
205 Alexander Schwolow GK 206 0 (1) 2013-2014, 2016-2025
52%
62 Andreas Beck DF, MF 290 5 (18) 2005-2014, 2017-2019
52%
734 Andreas Schmidt DF, MF 102 3 (1) 2000-2003, 2005-2008
52%
245 Andreas Wolf DF 189 6 (3) 2001-2002, 2004-2007, 2009-2012
52%
685 Anthony Jung DF, MF, FW 109 4 (6) 2016-2017, 2022-2025
52%
233 Arturo Vidal MF 196 29 (25) 2007-2010, 2015-2018
52%
17 Christian Schulz DF, MF 358 23 (8) 2002-2016
52%
89 Christoph Kramer MF 271 10 (6) 2013-2024
52%
32 Clemens Fritz DF, MF 331 7 (20) 2003-2004, 2005-2017
52%
144 Davie Selke FW 238 46 (12) 2013-2014, 2016-2024
52%
44 Dominik Kohr DF, MF 306 11 (14) 2011-2025
52%
282 Ebbe Sand FW 182 60 (20) 2000-2006
52%
228 Emil Forsberg MF, FW 197 40 (40) 2016-2024
52%
200 Fabian Johnson DF, MF 208 18 (22) 2009-2020
52%
707 Gio Reyna MF, FW 106 15 (9) 2019-2025
52%
606 Jadon Sancho MF, FW 118 40 (47) 2017-2020, 2023-2024
52%
107 Jeffrey Gouweleeuw DF 258 7 (9) 2015-2025
52%
478 Jonathan Burkardt MF, FW 136 41 (9) 2018-2025
52%
389 Juan Arango MF 155 25 (32) 2009-2014
52%
426 Julian Ryerson DF, MF 146 9 (7) 2019-2025
52%
188 Karim Onisiwo MF, FW 214 33 (23) 2015-2025
52%
274 Kerem Demirbay MF 184 22 (35) 2013-2014, 2016-2023
52%
22 Kevin Vogt DF, MF 353 4 (11) 2008-2009, 2012-2025
52%
78 Kevin Volland MF, FW 277 80 (49) 2012-2019, 2023-2025
52%
384 Luca Waldschmidt MF, FW 156 26 (6) 2014-2019, 2021-2024
52%
276 Mahmoud Dahoud MF 184 13 (24) 2014-2025
52%
110 Marcel Schäfer DF, MF 257 13 (26) 2003-2004, 2007-2017
52%
666 Marcus Thuram MF, FW 111 34 (17) 2019-2023
52%
583 Marek Mintál MF, FW 121 32 (11) 2004-2007, 2009-2011
52%
203 Marius Wolf DF, MF, FW 207 14 (19) 2015-2025
52%
313 Martín Demichelis DF, MF 174 13 (7) 2003-2011
52%
482 Michael Rensing GK 136 0 (0) 2003-2012, 2018-2019
52%
75 Mike Hanke FW 283 57 (22) 2001-2014
52%
395 Mohamed Zidan FW 154 47 (14) 2004-2012
52%
124 Oliver Neuville FW 251 64 (38) 2000-2006, 2008-2010
52%
134 Oscar Wendt DF, MF 244 16 (14) 2011-2021
52%
653 Ozan Kabak DF 113 12 (3) 2018-2020, 2022-2024
52%
148 Pál Dárdai MF 236 15 (11) 2000-2010
52%
368 Paolo Guerrero FW 161 47 (17) 2004-2012
52%
767 Patrick Wimmer MF, FW 100 12 (18) 2021-2025
52%
176 Per Mertesacker DF 221 19 (7) 2003-2012
52%
87 Raphael Schäfer GK 273 0 (0) 2001-2002, 2004-2007, 2009-2014
52%
415 Ricardo Rodríguez DF, MF 149 15 (23) 2011-2017
52%
184 Ridle Baku DF, MF, FW 216 22 (22) 2017-2025
52%
227 Robin Zentner GK 198 0 (0) 2017-2025
52%
292 Sandro Wagner FW 180 44 (12) 2007-2008, 2010-2011, 2013-2019
52%
90 Theodor Gebre Selassie DF, MF, FW 271 23 (13) 2012-2021
52%
416 Tomáš Rosický MF 149 20 (29) 2000-2006
52%
279 Willy Sagnol DF 184 7 (26) 2000-2008
52%
82 Yannick Gerhardt DF, MF, FW 276 20 (23) 2014-2025
52%
660 Alexander Nübel GK 111 0 (1) 2015-2016, 2017-2020, 2023-2025
48%
417 Andreas Ottl MF 148 6 (7) 2005-2013
48%
125 André Hahn MF, FW 250 49 (24) 2012-2023
48%
669 Angelo Stiller MF 110 5 (15) 2021-2025
48%
527 Chris Führich MF, FW 127 18 (14) 2017-2018, 2021-2025
48%
603 Christian Lell DF 118 2 (6) 2003-2004, 2005-2008, 2011-2012
48%
591 Christopher Nkunku MF, FW 119 47 (36) 2019-2023
48%
52 Daniel Baier MF 301 6 (16) 2003-2004, 2007-2008, 2009-2010, 2011-2020
48%
498 Daniel Jensen MF 133 7 (14) 2004-2011
48%
736 Darío Rodríguez DF 102 6 (1) 2002-2008
48%
38 David Jarolím MF 316 17 (28) 2001-2012
48%
112 Dennis Aogo DF, MF 256 3 (23) 2004-2005, 2008-2019
48%
366 Diego MF 161 57 (46) 2006-2008, 2010-2011, 2012-2014
48%
191 Diego Klimowicz FW 213 70 (21) 2001-2010
48%
393 Dimitar Berbatov FW 154 69 (23) 2000-2006
48%
380 Edmond Tapsoba DF 157 3 (1) 2019-2025
48%
378 Ermedin Demirović MF, FW 158 45 (23) 2020-2025
48%
728 Fredrik Jensen MF, FW 103 5 (7) 2018-2025
48%
63 Gerald Asamoah MF, FW 290 46 (31) 2000-2010, 2012-2013
48%
165 Håvard Nordtveit DF, MF 228 10 (10) 2009-2015, 2017-2022
48%
36 Heiko Westermann DF, MF 318 26 (9) 2005-2015
48%
341 Holger Badstuber DF, MF 166 3 (4) 2009-2012, 2014-2019
48%
307 Ibrahima Traoré MF, FW 175 12 (19) 2007-2008, 2011-2021
48%
259 Ihlas Bebou DF, MF, FW 186 45 (20) 2017-2025
48%
224 Ioannis Amanatidis MF, FW 198 54 (11) 2002-2011
48%
397 Ivan Klasnić FW 153 50 (27) 2001-2007, 2012-2013
48%
216 Jaroslav Drobný GK 202 0 (0) 2006-2016, 2018-2019
48%
353 Jermaine Jones MF 164 9 (12) 2000-2001, 2003-2008, 2010-2014
48%
237 Joël Matip DF, MF 194 17 (8) 2009-2016
48%
338 Julian Schieber FW 167 27 (7) 2008-2020
48%
60 Levan Kobiashvili DF, MF 292 23 (23) 2000-2001, 2003-2009, 2011-2012, 2013-2014
48%
302 Lukas Kübler DF, MF 176 10 (5) 2016-2025
48%
696 Marc-André ter Stegen GK 108 0 (0) 2010-2014
48%
268 Mark Uth MF, FW 185 44 (28) 2015-2024
48%
142 Martin Harnik MF, FW 240 67 (22) 2007-2008, 2010-2015, 2017-2020
48%
658 Marvin Matip DF, MF 112 3 (2) 2004-2005, 2008-2009, 2015-2017
48%
236 Miloš Veljković DF 195 5 (5) 2015-2020, 2022-2025
48%
522 Mladen Petrić FW 128 51 (9) 2007-2012
48%
544 Moussa Diaby DF, MF, FW 125 31 (36) 2019-2023
48%
92 Niklas Stark DF, MF 270 9 (2) 2012-2013, 2015-2025
48%
490 Ondrej Duda MF, FW 135 21 (11) 2016-2023
48%
435 Owen Hargreaves MF 145 5 (18) 2000-2007
48%
115 Pavel Kadeřábek DF, FW 256 14 (28) 2015-2025
48%
206 Philipp Bargfrede MF 206 6 (8) 2009-2021
48%
101 Pirmin Schwegler MF 262 7 (20) 2006-2010, 2012-2019
48%
45 Robin Knoche DF 306 16 (7) 2011-2024
48%
388 Roel Brouwers DF 156 13 (4) 2008-2016
48%
288 Roman Neustädter DF, MF 181 8 (10) 2009-2016
48%
345 Salih Özcan MF 166 2 (4) 2016-2017, 2020-2025
48%
128 Sascha Riether DF, MF 248 10 (11) 2003-2004, 2007-2011, 2014-2016, 2018-2019
48%
262 Sejad Salihović DF, MF 186 47 (31) 2004-2005, 2008-2014, 2017-2018
48%
278 Serdar Tasci DF 184 9 (3) 2006-2013, 2015-2016
48%
365 Szabolcs Huszti MF 162 39 (37) 2006-2008, 2012-2013, 2015-2017
48%
510 Thomas Hitzlsperger MF 131 20 (12) 2005-2009, 2011-2012
48%
190 Timo Horn GK 214 0 (0) 2014-2017, 2019-2021, 2024-2025
48%
484 Tuta DF, MF 136 9 (4) 2020-2025
48%
173 Vladimír Darida MF 224 22 (30) 2013-2023
48%
264 Wendell DF 186 7 (10) 2014-2021
48%
214 Yıldıray Baştürk MF 203 30 (27) 2000-2010
48%
457 Alexandru Maxim MF, FW 140 14 (24) 2012-2015, 2017-2020
44%
373 Amadou Haidara MF, FW 159 11 (6) 2018-2025
44%
232 Artur Wichniarek FW 196 49 (14) 2002-2010
44%
471 Atakan Karazor DF, MF 137 2 (10) 2020-2025
44%
170 Cédric Makiadi MF 225 17 (14) 2004-2006, 2009-2015
44%
333 Charles Aránguiz MF 168 10 (20) 2015-2023
44%
497 Chris DF, MF 133 10 (8) 2003-2004, 2005-2012
44%
265 David Abraham DF 185 6 (3) 2012-2021
44%
438 Dodi Lukebakio MF, FW 144 35 (19) 2018-2023
44%
306 Ellyes Skhiri MF 175 20 (11) 2019-2025
44%
361 Ermin Bičakčić DF 162 7 (2) 2010-2011, 2013-2023
44%
119 Eugen Polanski MF 254 14 (13) 2004-2006, 2009-2018
44%
693 Exequiel Palacios MF 108 11 (14) 2019-2025
44%
177 Fabian Lustenberger DF, MF 220 3 (3) 2007-2009, 2011-2012, 2013-2019
44%
593 Frederik Rønnow GK 119 0 (1) 2018-2025
44%
614 Grischa Prömel MF 117 16 (8) 2019-2025
44%
349 Guy Demel DF, MF 165 2 (7) 2002-2011
44%
267 Jannik Vestergaard DF 185 14 (1) 2010-2018
44%
327 Jefferson Farfán MF, FW 170 39 (39) 2008-2015
44%
354 Josué MF 164 2 (4) 2007-2013
44%
181 Josuha Guilavogui DF, MF 218 9 (6) 2014-2024
44%
257 Julian Schuster MF 187 10 (16) 2007-2008, 2009-2014, 2016-2018
44%
427 Lucas Alario MF, FW 146 43 (10) 2017-2023
44%
596 Manuel Akanji DF, MF 119 4 (1) 2017-2022
44%
381 Marco Friedl DF, MF 157 2 (3) 2017-2020, 2022-2025
44%
429 Marius Bülter DF, MF, FW 146 27 (8) 2019-2020, 2022-2025
44%
566 Markus Rosenberg FW 123 40 (15) 2006-2009, 2011-2012
44%
565 Mark van Bommel MF 123 11 (14) 2006-2011
44%
244 Martin Hinteregger DF, MF 190 17 (2) 2015-2022
44%
513 Marvin Ducksch FW 130 34 (24) 2013-2014, 2018-2019, 2022-2025
44%
667 Maxence Lacroix DF 111 6 (2) 2020-2024
44%
213 Nelson Valdez FW 203 38 (16) 2002-2009, 2014-2015
44%
494 Niko Kovač MF 134 15 (5) 2000-2006
44%
117 Nikolče Noveski DF 255 8 (1) 2004-2006, 2009-2015
44%
314 Oka Nikolov GK 174 0 (0) 2000-2001, 2003-2004, 2005-2010, 2012-2013
44%
343 Oliver Sorg DF, MF 166 3 (7) 2011-2015, 2017-2019
44%
698 Omar Marmoush MF, FW 108 35 (21) 2019-2025
44%
208 Per Ciljan Skjelbred MF 205 2 (11) 2011-2020
44%
136 Peter Pekarík DF 243 4 (10) 2008-2010, 2013-2023
44%
439 Petri Pasanen DF 144 3 (4) 2004-2011
44%
634 Piero Hincapié DF, MF 115 5 (7) 2021-2025
44%
223 Piotr Trochowski MF 199 21 (27) 2002-2010, 2015-2016
44%
344 Raúl Bobadilla FW 166 29 (11) 2009-2011, 2013-2018
44%
355 Robert Enke GK 164 0 (0) 2004-2010
44%
407 Robert Kovač DF 151 0 (2) 2000-2004, 2007-2009
44%
450 Robin Koch DF, MF 143 9 (1) 2017-2019, 2023-2025
44%
538 Roque Santa Cruz FW 126 26 (10) 2000-2007
44%
408 Salomon Kalou MF, FW 151 48 (11) 2014-2020
44%
554 Sebastian Boenisch DF 124 4 (9) 2005-2016
44%
420 Sebastian Prödl DF, MF 148 10 (6) 2008-2015
44%
96 Simon Jentzsch GK 268 0 (0) 2000-2007, 2011-2013
44%
655 Thomas Delaney MF 113 11 (11) 2016-2023
44%
534 Thomas Kraft GK 127 0 (0) 2010-2011, 2013-2015, 2017-2020
44%
103 Tranquillo Barnetta MF 260 29 (41) 2004-2015
44%
433 Wout Weghorst FW 146 66 (22) 2018-2021, 2023-2024
44%
556 Xaver Schlager MF 124 4 (13) 2019-2025
44%
496 Alexander Hack DF 133 6 (3) 2015-2023
40%
324 Alexander Hleb MF 170 14 (35) 2000-2004, 2009-2010, 2011-2012
40%
724 Atsuto Uchida DF 104 1 (12) 2010-2015
40%
305 Benjamin Henrichs DF, MF 175 6 (17) 2015-2018, 2020-2025
40%
557 Bixente Lizarazu DF 123 4 (9) 2000-2006
40%
467 Branimir Hrgota MF, FW 138 21 (10) 2012-2018, 2021-2022
40%
281 Christian Fuchs DF, MF 183 10 (34) 2008-2015
40%
202 Christian Träsch DF, MF 207 5 (15) 2007-2017
40%
300 Christoph Metzelder DF 177 4 (7) 2000-2002, 2004-2006, 2010-2013
40%
211 Dennis Diekmeier DF, MF 203 0 (13) 2009-2018
40%
716 Diego Demme DF, MF 105 1 (8) 2016-2020
40%
371 Elkin Soto MF 160 11 (8) 2006-2007, 2009-2016
40%
258 Elvis Rexhbeçaj MF, FW 186 10 (8) 2017-2025
40%
246 Filip Daems DF 189 13 (3) 2004-2005, 2008-2014
40%
266 Florian Kainz MF, FW 185 26 (31) 2016-2024
40%
229 Florian Niederlechner MF, FW 197 45 (18) 2015-2023
40%
672 Georg Koch GK 110 0 (0) 2000-2002, 2005-2006
40%
550 Hugo Almeida FW 124 42 (9) 2006-2010, 2015-2016
40%
217 Javier Pinola DF 202 5 (7) 2005-2007, 2009-2014
40%
163 Jiří Štajner MF, FW 229 42 (22) 2002-2010
40%
99 Josip Šimunić DF 263 4 (4) 2000-2011
40%
312 Jurica Vranješ MF 174 5 (5) 2000-2009
40%
294 Kevin Stöger MF, FW 179 20 (28) 2018-2025
40%
595 Leon Bailey DF, MF, FW 119 28 (18) 2016-2021
40%
84 Marcelo Bordon DF 274 24 (12) 2000-2010
40%
304 Marco Richter MF, FW 176 24 (16) 2017-2024
40%
323 Maximilian Philipp MF, FW 171 29 (12) 2013-2014, 2016-2018, 2020-2025
40%
575 Mehmet Scholl MF 122 26 (29) 2000-2007
40%
521 Michal Kadlec DF 128 8 (8) 2008-2013
40%
167 Mike Frantz MF, FW 228 14 (10) 2009-2014, 2016-2020
40%
697 Milivoje Novaković FW 108 44 (8) 2008-2012
40%
631 Nordi Mukiele DF, FW 115 9 (6) 2018-2021, 2024-2025
40%
447 Oliver Kirch DF, MF 143 5 (5) 2003-2004, 2006-2008, 2010-2015
40%
387 Patrick Owomoyela DF, MF 156 8 (14) 2004-2012
40%
249 Philipp Lienhart DF 189 12 (1) 2017-2025
40%
509 Ritsu Doan DF, MF, FW 131 27 (15) 2020-2021, 2022-2025
40%
517 Roy Makaay FW 129 78 (28) 2003-2007
40%
396 Ruben Vargas MF, FW 154 20 (16) 2019-2025
40%
462 Sebastiaan Bornauw DF 140 11 (2) 2019-2025
40%
710 Silvan Widmer DF, MF, FW 106 7 (11) 2021-2025
40%
360 Stefan Reinartz DF, MF 163 12 (7) 2009-2016
40%
456 Tamás Hajnal MF 141 17 (27) 2007-2013
40%
230 Vahid Hashemian MF, FW 197 38 (19) 2000-2001, 2002-2010
40%
194 Yunus Mallı MF, FW 211 36 (25) 2011-2021
40%
255 Zlatko Junuzović MF, FW 188 21 (40) 2011-2018
40%
443 Adrián Ramos FW 143 45 (17) 2009-2010, 2011-2012, 2013-2017
36%
346 Aleksandre Iashvili MF, FW 165 25 (27) 2000-2001, 2003-2004, 2007-2009
36%
733 Amine Harit MF, FW 102 12 (13) 2017-2021
36%
418 Andriy Voronin MF, FW 148 48 (19) 2003-2006, 2008-2009, 2012-2013
36%
706 Ansgar Knauff DF, MF 106 14 (10) 2020-2025
36%
377 Ashkan Dejagah MF, FW 158 19 (17) 2004-2013
36%
713 Axel Witsel DF, MF 105 10 (6) 2018-2022
36%
578 Bas Dost FW 121 48 (12) 2012-2016, 2019-2021
36%
46 Bastian Oczipka DF, FW 304 3 (36) 2010-2022
36%
571 Benjamin Hübner DF 122 8 (9) 2015-2019, 2021-2022
36%
458 Benjamin Lauth FW 140 34 (12) 2001-2008
36%
503 Benno Schmitz DF 132 1 (9) 2016-2017, 2019-2024
36%
686 Caiuby MF, FW 109 12 (13) 2008-2009, 2014-2019
36%
529 Daichi Kamada MF, FW 127 20 (25) 2017-2018, 2019-2023
36%
715 Dan-Axel Zagadou DF 105 5 (1) 2017-2025
36%
273 Daniel Didavi MF, FW 184 46 (20) 2010-2018, 2020-2022
36%
251 Daniel Schwaab DF 188 1 (4) 2009-2016
36%
701 Dani Olmo MF, FW 107 17 (23) 2019-2024
36%
629 Dariusz Wosz MF 115 12 (17) 2000-2001, 2002-2004, 2006-2007
36%
370 Delron Buckley MF, FW 160 21 (12) 2000-2001, 2002-2005, 2007-2009
36%
579 Djibril Sow MF 121 7 (8) 2016-2017, 2019-2023
36%
192 Dominique Heintz DF 211 4 (2) 2011-2012, 2015-2024
36%
512 Ewerthon FW 130 48 (15) 2001-2004, 2007-2008
36%
592 Felipe Santana DF 119 7 (1) 2008-2015
36%
586 Franco Di Santo MF, FW 120 22 (10) 2013-2019
36%
486 Gerrit Holtmann DF, MF, FW 135 11 (8) 2016-2019, 2021-2025
36%
326 Gōtoku Sakai DF, MF 170 2 (9) 2011-2018
36%
673 Jacob Bruun Larsen MF, FW 110 10 (6) 2017-2022, 2024-2025
36%
676 Jens Nowotny DF 110 2 (2) 2000-2006
36%
594 Jhon Córdoba FW 119 30 (10) 2015-2017, 2019-2021
36%
561 Johan Micoud MF 123 31 (37) 2002-2006
36%
337 Jörg Böhme MF 167 29 (39) 2000-2008
36%
573 Josip Brekalo MF, FW 122 17 (15) 2016-2023
36%
703 Josip Drmić MF, FW 107 31 (5) 2013-2019
36%
321 Kevin Akpoguma DF, FW 171 3 (3) 2017-2025
36%
708 Kevin Behrens FW 106 16 (4) 2021-2025
36%
132 Konstantin Rausch DF, MF 245 13 (20) 2007-2018
36%
479 Kyriakos Papadopoulos DF, MF 136 8 (4) 2010-2018
36%
451 Lars Ricken MF, FW 142 26 (28) 2000-2007
36%
453 Leandro Barreiro Martins MF 141 11 (10) 2018-2024
36%
687 Luca Netz DF, FW 109 2 (13) 2020-2025
36%
725 Lukas Schmitz DF, MF 104 2 (10) 2009-2014
36%
695 Mads Pedersen DF, MF 108 3 (3) 2019-2025
36%
47 Marco Russ DF, MF 304 24 (10) 2005-2019
36%
643 Marko Pantelić FW 114 45 (18) 2005-2009
36%
154 Martin Stranzl DF, MF 233 13 (6) 2000-2005, 2010-2016
36%
235 Marvin Compper DF 195 8 (4) 2005-2006, 2008-2012, 2016-2018
36%
277 Matthieu Delpierre DF 184 4 (8) 2004-2013
36%
189 Mehdi Mahdavikia DF, MF 214 21 (43) 2000-2009
36%
446 Mijat Gaćinović DF, MF, FW 143 3 (7) 2015-2022
36%
135 Mladen Krstajić DF 243 16 (9) 2000-2009
36%
537 Rafał Gikiewicz GK 126 0 (0) 2017-2018, 2019-2023
36%
356 Rune Jarstein GK 164 0 (0) 2013-2021
36%
525 Shinji Okazaki MF, FW 128 37 (4) 2010-2015
36%
659 Thomas Linke DF 112 0 (1) 2000-2005
36%
289 Yuya Osako MF, FW 181 26 (16) 2014-2021
36%
238 Admir Mehmedi MF, FW 193 32 (23) 2013-2022
32%
71 Alexander Madlung DF 284 29 (2) 2002-2015
32%
628 Alfreð Finnbogason FW 115 37 (9) 2015-2022
32%
619 Amos Pieper DF 116 3 (2) 2020-2025
32%
723 Andreas Görlitz DF, MF 104 1 (3) 2001-2004, 2006-2009
32%
369 Andreas Hinkel DF 160 1 (9) 2000-2005, 2011-2012
32%
476 Anthony Ujah MF, FW 136 30 (7) 2011-2012, 2014-2015, 2017-2019, 2021-2022
32%
392 Arthur Boka DF 154 5 (7) 2006-2014
32%
452 Christian Pander DF 141 7 (19) 2004-2005, 2006-2008, 2010-2015
32%
171 Christian Tiffert MF 225 13 (26) 2000-2005, 2007-2008, 2010-2012
32%
542 Denis Zakaria DF, MF 125 11 (5) 2017-2022
32%
543 Dennis Geiger MF, FW 125 6 (11) 2017-2025
32%
504 Didier Ya Konan MF, FW 132 40 (13) 2009-2015
32%
559 Diego Placente DF 123 3 (6) 2000-2005
32%
530 Eren Derdiyok FW 127 27 (13) 2009-2014
32%
106 Fabian Ernst MF 258 12 (21) 2000-2009
32%
320 Gojko Kačar DF, MF 171 18 (6) 2007-2012, 2014-2018
32%
28 Hanno Balitsch MF 343 20 (9) 2001-2014
32%
247 Hans Sarpei DF 189 2 (6) 2001-2011
32%
615 Hiroshi Kiyotake MF, FW 117 17 (30) 2012-2016
32%
750 Iago DF, MF 101 5 (10) 2019-2024
32%
143 Janik Haberer DF, MF, FW 239 18 (15) 2016-2025
32%
398 Jérôme Roussillon DF, MF 153 5 (10) 2018-2025
32%
729 Jonas Wind MF, FW 103 31 (11) 2021-2025
32%
501 Leon Andreasen DF, MF 133 17 (7) 2005-2009, 2012-2016
32%
243 Levin Öztunalı MF, FW 190 12 (22) 2013-2023
32%
309 Malik Fathi DF 175 3 (8) 2003-2007, 2009-2011, 2013-2014
32%
465 Mathew Leckie DF, MF, FW 139 10 (4) 2011-2012, 2015-2021
32%
574 Matija Nastasić DF 122 1 (0) 2014-2021
32%
127 Paul Freier MF 249 29 (42) 2000-2001, 2002-2010
32%
248 Paul Verhaegh DF 189 21 (12) 2011-2019
32%
755 Robert Gumny DF 101 2 (2) 2020-2025
32%
516 Robert Skov DF, MF, FW 129 13 (16) 2019-2025
32%
568 Robin Quaison MF, FW 123 31 (8) 2016-2021
32%
732 Sascha Mölders FW 103 18 (3) 2007-2008, 2011-2016
32%
197 Sérgio Pinto MF, FW 210 21 (15) 2002-2003, 2006-2013
32%
726 Sheraldo Becker MF, FW 104 18 (19) 2019-2024
32%
577 Sidney Sam MF, FW 122 26 (16) 2007-2008, 2010-2017
32%
518 Steven Zuber DF, MF, FW 129 14 (12) 2014-2021
32%
691 Takuma Asano MF, FW 109 13 (8) 2017-2018, 2021-2024
32%
372 Thomas Brdarić FW 160 47 (16) 2000-2007
32%
121 Thorben Marx MF 253 11 (18) 2000-2014
32%
757 Tom Starke GK 101 0 (0) 2003-2004, 2007-2008, 2010-2013, 2016-2018
32%
656 Valérien Ismaël DF 113 8 (6) 2003-2009
32%
271 Zvonimir Soldo DF, MF 185 8 (6) 2000-2006
32%
745 Angeliño DF, FW 101 7 (19) 2019-2023
28%
536 Angelos Charisteas FW 126 27 (11) 2002-2004, 2007-2011
28%
570 Anton Stach DF, MF 122 5 (15) 2021-2025
28%
661 Arnold Bruggink MF, FW 111 20 (26) 2006-2010
28%
760 Chinedu Obasi FW 100 17 (7) 2008-2015
28%
162 Christoph Dabrowski MF 229 19 (13) 2000-2001, 2002-2010
28%
528 Ciprian Marica FW 127 24 (13) 2007-2013
28%
315 Fernando Meira DF, MF 173 11 (3) 2001-2008
28%
239 Florian Kringe DF, MF 192 18 (13) 2003-2009, 2011-2012
28%
316 Genki Haraguchi DF, MF, FW 173 6 (16) 2014-2018, 2021-2024
28%
674 Jamie Leweling MF, FW 110 12 (8) 2021-2025
28%
751 Jens Jeremies MF 101 2 (6) 2000-2006
28%
580 Joe Scally DF 121 2 (6) 2021-2025
28%
694 Johan Djourou DF 108 2 (0) 2012-2017
28%
419 Joris Mathijsen DF 148 6 (1) 2006-2011
28%
468 Juan DF 138 10 (8) 2002-2007
28%
318 Karim Haggui DF 172 11 (0) 2006-2014
28%
622 Khalid Boulahrouz DF 116 3 (6) 2004-2005, 2008-2012
28%
480 Lincoln MF 136 32 (34) 2001-2007
28%
241 Maik Franz DF 191 12 (1) 2001-2005, 2007-2012
28%
552 Marko Marin MF, FW 124 12 (32) 2006-2007, 2008-2012
28%
466 Mohammadou Idrissou FW 139 27 (14) 2002-2005, 2007-2008, 2009-2011
28%
545 Niklas Moisander DF 125 2 (1) 2016-2021
28%
342 Niko Bungert DF 166 8 (3) 2009-2016, 2018-2019
28%
410 Ohis Felix Uduokhai DF 150 4 (1) 2017-2024
28%
414 Pascal Stenzel DF, MF 149 2 (10) 2016-2018, 2020-2025
28%
183 Patrick Ochs DF, MF 216 4 (17) 2005-2014
28%
633 Philipp Wollscheid DF 115 7 (0) 2010-2014, 2016-2017
28%
524 Pierre-Michel Lasogga FW 128 34 (4) 2011-2012, 2013-2017
28%
298 Roberto Hilbert DF, MF 178 17 (12) 2006-2009, 2013-2017
28%
491 Son Heung-min MF, FW 135 41 (8) 2010-2016
28%
705 Srđan Lakić FW 107 22 (2) 2006-2007, 2010-2015
28%
299 Suat Serdar MF, FW 178 19 (6) 2015-2023
28%
770 Thomas Christiansen FW 100 34 (9) 2000-2001, 2002-2006
28%
422 Vratislav Lokvenc FW 148 46 (16) 2000-2005
28%
284 Altin Lala MF 181 1 (4) 2002-2012
24%
620 Anthony Losilla MF 116 5 (4) 2021-2025
24%
692 Artjoms Rudņevs FW 108 22 (13) 2012-2017
24%
648 Aymen Barkok DF, MF, FW 113 5 (7) 2016-2025
24%
572 Bo Svensson DF 122 3 (1) 2005-2006, 2009-2014
24%
759 Boubacar Sanogo FW 100 26 (7) 2005-2010
24%
649 Christopher Antwi-Adjei MF, FW 113 7 (11) 2019-2020, 2021-2024
24%
515 Christoph Spycher DF 129 0 (3) 2005-2010
24%
604 Eljero Elia MF, FW 118 11 (15) 2009-2015
24%
762 Émile Mpenza FW 100 28 (22) 2000-2002, 2004-2006
24%
256 Frank Fahrenhorst DF 187 18 (1) 2000-2001, 2002-2009
24%
717 Fredi Bobic FW 105 32 (10) 2000-2005
24%
549 Giulio Donati DF, FW 124 0 (5) 2013-2019
24%
331 Jan-Ingwer Callsen-Bracker DF 169 11 (3) 2003-2008, 2010-2016, 2018-2019
24%
335 Jan Morávek MF, FW 168 9 (10) 2009-2013, 2015-2022
24%
581 Johannes Geis DF, MF 121 8 (15) 2012-2017
24%
531 Lucas Tousart MF 127 8 (3) 2020-2025
24%
322 Manuel Gulde DF 171 7 (0) 2009-2010, 2016-2024
24%
207 Marcelinho Paraíba MF, FW 205 76 (59) 2001-2008
24%
180 Marcel Maltritz DF, MF 219 8 (3) 2000-2004, 2006-2010
24%
375 Marco Höger DF, MF 159 7 (9) 2011-2017, 2019-2021
24%
508 Mathias Schober GK 131 0 (0) 2000-2004, 2008-2009, 2011-2012
24%
765 Mensur Mujdža DF, MF 100 1 (2) 2009-2015
24%
481 Michael Fink MF 136 12 (6) 2004-2008, 2010-2011
24%
430 Michael Tarnat DF, MF 146 9 (18) 2000-2002, 2004-2009
24%
185 Miroslav Karhan MF 215 9 (18) 2001-2006, 2009-2011
24%
495 Obite N'Dicka DF 134 10 (7) 2018-2023
24%
328 Paul Stalteri DF, MF 170 6 (11) 2000-2004, 2008-2010
24%
768 Pavel Krmaš DF, MF 100 4 (1) 2009-2015
24%
625 Pedro Geromel DF 116 4 (1) 2008-2012
24%
546 Ragnar Klavan DF 125 4 (0) 2012-2016
24%
754 Renato Augusto MF 101 8 (9) 2008-2013
24%
636 Renato Steffen MF, FW 115 16 (9) 2017-2022
24%
483 Robert Tesche MF 136 7 (2) 2006-2013, 2021-2022
24%
699 Sami Allagui MF, FW 108 26 (6) 2010-2011, 2013-2014, 2016-2017
24%
254 Sebastian Langkamp DF 188 6 (2) 2008-2009, 2011-2020
24%
690 Stefan Posch DF 109 2 (0) 2017-2023
24%
293 Sven Schipplock MF, FW 180 20 (10) 2010-2017, 2020-2021
24%
744 Timmy Simons DF, MF 102 11 (3) 2010-2013
24%
637 Tin Jedvaj DF 115 5 (1) 2014-2021
24%
263 Tobias Strobl DF, MF 186 1 (9) 2011-2012, 2013-2022
24%
555 Tobias Willi MF 124 1 (8) 2000-2001, 2003-2005, 2007-2008
24%
295 Aílton Gonçalves FW 178 92 (26) 2000-2005, 2007-2008
20%
444 Alessandro Schöpf DF, MF, FW 143 11 (4) 2015-2022
20%
727 Andreas Ivanschitz MF 103 22 (13) 2009-2013
20%
339 Bastian Reinhardt DF 166 12 (5) 2002-2010
20%
714 Benjamin Stambouli DF, MF 105 0 (6) 2016-2021
20%
219 Carsten Ramelow DF, MF 200 12 (8) 2000-2008
20%
434 Collin Benjamin DF, MF 145 13 (3) 2001-2004, 2006-2008, 2010-2011
20%
585 Daniel Ginczek MF, FW 120 29 (7) 2013-2015, 2017-2022
20%
301 Danny Latza MF 176 6 (12) 2008-2009, 2015-2020, 2022-2023
20%
499 Dominic Maroh DF 133 5 (1) 2009-2011, 2014-2018
20%
641 Dominik Reinhardt DF 114 1 (7) 2002-2003, 2004-2007, 2011-2014
20%
340 Felix Klaus MF, FW 166 15 (8) 2012-2015, 2017-2021
20%
325 Fin Bartels MF, FW 170 28 (16) 2007-2008, 2010-2011, 2014-2020
20%
671 Gábor Király GK 110 0 (0) 2000-2004
20%
473 Ivo Iličević MF 137 18 (9) 2006-2007, 2010-2015, 2018-2019
20%
296 Jacek Krzynówek MF, FW 178 24 (25) 2001-2002, 2004-2010
20%
374 Jens Hegeler DF, MF 159 8 (8) 2007-2008, 2010-2017
20%
507 Johannes Flum MF 131 10 (10) 2009-2016
20%
752 Karim Matmour MF, FW 101 5 (2) 2008-2010, 2012-2013
20%
562 Kenan Karaman MF, FW 123 14 (6) 2013-2015, 2017-2019, 2022-2023
20%
474 Lukas Rupp MF, FW 137 14 (8) 2011-2020
20%
400 Marc-Oliver Kempf DF 153 10 (3) 2012-2014, 2016-2018, 2020-2023
20%
651 Markus Pröll GK 113 0 (0) 2000-2001, 2003-2004, 2005-2009
20%
286 Markus Schuler DF 181 0 (5) 2002-2009
20%
623 Martin Petrov MF, FW 116 28 (31) 2001-2005
20%
379 Mërgim Mavraj DF 158 1 (0) 2007-2009, 2012-2013, 2014-2018
20%
367 Mišo Brečko DF, MF 161 2 (8) 2004-2005, 2007-2011, 2014-2015
20%
523 Moussa Niakhate DF 128 9 (4) 2018-2022
20%
611 Nando Rafael FW 118 26 (5) 2002-2006, 2011-2013
20%
364 Pablo Thiam DF, MF 162 14 (4) 2000-2008
20%
721 Santiago Ascacíbar MF 105 1 (3) 2017-2022
20%
547 Sebastian Polter FW 125 21 (8) 2011-2013, 2019-2020, 2021-2024
20%
250 Sokratis Papastathopoulos DF 189 9 (2) 2011-2018
20%
514 Stefan Ilsanker DF, MF 130 3 (2) 2016-2022
20%
712 Tomás Rincón MF 106 0 (0) 2008-2014
20%
441 Tomasz Zdebel MF 144 6 (5) 2003-2004, 2006-2010
20%
617 Tomislav Piplica GK 117 0 (0) 2000-2002, 2006-2008
20%
548 Vieirinha DF, FW 125 4 (16) 2011-2017
20%
684 Almog Cohen MF 109 9 (4) 2010-2012, 2015-2017
16%
329 Benjamin Köhler MF 169 16 (12) 2000-2001, 2005-2010, 2012-2013
16%
472 Carlos Zambrano DF, MF 137 1 (2) 2009-2010, 2012-2016
16%
437 Christian Clemens MF, FW 144 15 (7) 2010-2011, 2013-2017, 2019-2020
16%
590 Christian Timm FW 119 14 (17) 2000-2004, 2007-2009
16%
640 Christian Wetklo GK 114 0 (0) 2004-2006, 2009-2014
16%
174 Daniel Brosinski DF, MF, FW 222 11 (23) 2008-2009, 2014-2022
16%
334 Ervin Skela MF, FW 168 21 (29) 2003-2009
16%
748 Evanílson DF, FW 101 4 (11) 2000-2006
16%
394 Georg Niedermeier DF 154 12 (5) 2008-2017
16%
605 Gerhard Tremmel GK 118 0 (0) 2000-2001, 2002-2003, 2005-2009
16%
739 Hajime Hosogai DF, MF 102 3 (2) 2011-2015
16%
412 Ivica Banović MF 149 16 (16) 2000-2006, 2009-2011
16%
445 Jean-Paul Boëtius MF, FW 143 12 (18) 2018-2023
16%
336 Jeff Strasser DF 167 8 (4) 2000-2006
16%
730 Kostas Stafylidis DF, MF 103 6 (3) 2013-2014, 2015-2019, 2021-2023
16%
563 Lee Jae-sung MF, FW 123 24 (17) 2021-2025
16%
423 Ludovic Magnin DF 147 6 (14) 2001-2010
16%
285 Manuel Schmiedebach MF 181 2 (9) 2009-2015, 2017-2018, 2019-2020
16%
303 Marcel Risse DF, MF, FW 176 14 (29) 2007-2008, 2009-2012, 2014-2017, 2019-2020
16%
406 Marko Babić DF, MF 151 13 (18) 2000-2006, 2008-2009
16%
210 Markus Feulner MF 204 15 (12) 2001-2003, 2005-2006, 2009-2017
16%
234 Matthias Ostrzolek DF, MF 196 1 (12) 2011-2019
16%
584 Matthias Scherz FW 121 19 (13) 2000-2001, 2003-2004, 2005-2006, 2008-2009
16%
489 Naohiro Takahara FW 135 25 (6) 2002-2008
16%
576 Niko Gießelmann DF, FW 122 4 (12) 2018-2023
16%
731 Pablo de Blasis DF, MF, FW 103 15 (13) 2014-2019
16%
454 Raphaël Wicky DF, MF 141 4 (5) 2000-2007
16%
283 Rüdiger Kauf MF 182 4 (5) 2000-2001, 2002-2003, 2004-2009
16%
646 Simon Zoller MF, FW 114 17 (8) 2014-2017, 2021-2024
16%
616 Soumaila Coulibaly MF 117 18 (7) 2000-2001, 2003-2004, 2008-2009
16%
526 Tobias Levels DF 128 2 (5) 2006-2007, 2008-2010, 2012-2013, 2015-2017
16%
436 Zlatan Bajramović MF 145 17 (7) 2001-2002, 2003-2010
16%
602 Albert Streit MF 118 11 (22) 2000-2001, 2003-2004, 2005-2009
12%
231 Alexander Esswein MF, FW 196 14 (12) 2008-2009, 2011-2020
12%
746 Änis Ben-Hatira MF 101 15 (10) 2006-2008, 2010-2011, 2013-2017
12%
330 Bernd Korzynietz DF, FW 169 4 (11) 2001-2008
12%
463 Christian Eichner DF 139 4 (7) 2007-2012
12%
319 Dick van Burik DF 171 6 (1) 2000-2007
12%
741 Heiko Gerber DF, MF 102 3 (4) 2000-2006
12%
487 Jan Polák MF 135 6 (5) 2005-2006, 2010-2014
12%
675 Jan Thielmann DF, MF, FW 110 8 (9) 2019-2024
12%
493 Jeong Woo-yeong MF, FW 134 15 (8) 2018-2019, 2020-2025
12%
621 Julian Korb DF, MF 116 2 (3) 2011-2012, 2013-2019
12%
657 Kevin McKenna DF, FW 112 4 (1) 2000-2001, 2006-2007, 2008-2012
12%
193 Koo Ja-cheol MF 211 28 (11) 2010-2019
12%
564 Marcel Heller MF, FW 123 11 (9) 2006-2007, 2009-2010, 2015-2018
12%
709 Marco Engelhardt DF, MF 106 7 (6) 2004-2009
12%
642 Marcus Ingvartsen MF, FW 114 24 (7) 2019-2023
12%
532 Mario Eggimann DF 127 7 (1) 2007-2013
12%
297 Markus Schroth FW 178 42 (23) 2000-2007
12%
567 Martin Lanig MF 123 10 (8) 2008-2015
12%
630 Michael Hartmann DF, MF 115 4 (13) 2000-2005
12%
632 Oliver Schröder DF, MF 115 3 (5) 2003-2009
12%
689 Patrick Ebert MF, FW 109 7 (11) 2006-2009, 2011-2012
12%
178 Peer Kluge MF 220 15 (14) 2001-2007, 2009-2011, 2013-2014
12%
431 Peter Niemeyer DF, MF 146 8 (0) 2006-2009, 2011-2012, 2013-2017
12%
359 Silvio Meißner MF 163 27 (7) 2000-2008
12%
455 Stefan Beinlich MF 141 13 (27) 2000-2005, 2007-2008
12%
589 Tomasz Hajto DF 120 6 (5) 2000-2005
12%
682 Tomasz Wałdoch DF 110 12 (1) 2000-2006
12%
613 Aleksandar Ignjovski DF, MF 117 1 (6) 2011-2017
8%
683 Alfredo Morales DF, MF 109 4 (5) 2011-2012, 2015-2016, 2018-2020
8%
758 Antonio Di Salvo FW 100 17 (8) 2000-2005
8%
505 Christoph Preuß DF, MF 131 8 (5) 2000-2001, 2002-2007, 2009-2010
8%
425 Daniel Bierofka MF 146 19 (5) 2000-2007
8%
738 Edgar Prib MF 102 6 (13) 2012-2015, 2018-2019
8%
405 Ingo Hertzsch DF 151 2 (3) 2000-2006
8%
220 Jan Rosenthal MF, FW 200 24 (9) 2006-2013, 2015-2017
8%
677 Jérôme Gondorf MF, FW 110 9 (11) 2015-2020
8%
588 Krisztián Lisztes MF 120 11 (17) 2000-2006
8%
553 Marko Rehmer DF 124 6 (3) 2000-2003, 2005-2007
8%
718 Marko Topić FW 105 16 (7) 2001-2006
8%
488 Martin Pieckenhagen GK 135 0 (0) 2000-2004, 2010-2011
8%
385 Mathias Hain GK 156 0 (0) 2002-2003, 2004-2007, 2010-2011
8%
460 Philipp Bönig DF 140 0 (1) 2003-2004, 2006-2010
8%
599 Rein van Duijnhoven GK 119 0 (0) 2000-2001, 2002-2005
8%
357 Sebastian Freis MF, FW 164 27 (9) 2007-2015
8%
647 Søren Colding DF 114 1 (3) 2000-2001, 2002-2005
8%
539 Stefan Aigner MF, FW 126 25 (16) 2008-2009, 2012-2016
8%
569 Uwe Möhrle DF 123 5 (1) 2002-2007, 2011-2012
8%
638 Boris Živković DF 114 4 (2) 2000-2006
4%
670 Boubacar Diarra DF 110 1 (0) 2000-2001, 2003-2005
4%
541 Cha Du-ri DF, MF 125 6 (6) 2002-2003, 2005-2006, 2009-2010, 2012-2013
4%
485 Christian Eigler FW 135 24 (10) 2006-2007, 2009-2012
4%
558 Christian Fiedler GK 123 0 (0) 2001-2007
4%
639 Christian Rahn DF, MF 114 14 (21) 2001-2005, 2007-2008
4%
761 Claus Reitmaier GK 100 0 (0) 2000-2004
4%
749 Gilberto DF, MF 101 14 (10) 2004-2008
4%
560 Ji Dong-won MF, FW 123 13 (3) 2012-2021
4%
551 Jochen Seitz DF, MF 124 10 (15) 2000-2006
4%
608 Laurențiu Reghecampf MF 118 13 (13) 2000-2002, 2006-2007
4%
679 Levan Tskitishvili MF 110 6 (4) 2000-2001, 2003-2006
4%
582 Magnus Arvidsson FW 121 18 (9) 2000-2005
4%
597 Marek Nikl DF 119 8 (1) 2001-2002, 2004-2007
4%
764 Marian Hristov MF 100 18 (9) 2000-2007
4%
610 Markus Weissenberger MF 118 9 (19) 2001-2003, 2005-2008
4%
719 Mimoun Azaouagh MF 105 10 (13) 2004-2010
4%
644 Nico Van Kerckhoven DF, FW 114 2 (2) 2000-2005
4%
743 Radim Kučera DF 102 7 (2) 2005-2009
4%
635 Razundara Tjikuzu DF, MF 115 5 (7) 2000-2006
4%
424 René Rydlewicz MF, FW 147 23 (24) 2000-2004, 2007-2008
4%
654 Richard Golz GK 113 0 (0) 2000-2001, 2003-2005
4%
626 Robson Ponte MF, FW 116 17 (28) 2000-2005
4%
720 Ronald Maul MF 105 0 (5) 2000-2005
4%
627 Silvio Schröter MF 116 5 (7) 2001-2008
4%
404 Sofian Chahed DF, MF 152 6 (7) 2003-2004, 2005-2013
4%
432 Stefan Schnoor DF 146 7 (2) 2000-2006
4%
771 Timo Gebhart MF 100 6 (6) 2008-2014
4%
711 Timo Wenzel DF 106 1 (0) 2000-2006
4%
722 Tomáš Ujfaluši DF 105 2 (1) 2000-2004
4%
612 Youssef Mohamad DF 118 5 (1) 2004-2005, 2008-2011
4%
540 Andreas Neuendorf MF 125 12 (12) 2000-2007
0%
735 Antar Yahia DF 102 5 (1) 2006-2009, 2011-2012
0%
700 Christian Springer MF 107 12 (6) 2000-2001, 2003-2004, 2005-2006
0%
511 Dariusz Żuraw DF 130 5 (1) 2002-2008
0%
663 Dimitrios Grammozis MF 111 3 (6) 2000-2006
0%
737 Dirk Lottner DF, MF 102 24 (19) 2000-2001, 2003-2004, 2005-2006
0%
740 Harald Cerny MF 102 3 (10) 2000-2004
0%
587 Ivo Ulich MF 120 9 (7) 2001-2005
0%
742 Juan Carlos Menseguez MF, FW 102 4 (8) 2003-2007
0%
680 Marcelo Pletsch DF 110 4 (1) 2001-2006
0%
428 Marcus Lantz MF 146 4 (17) 2000-2005
0%
609 Marino Biliškov DF 118 6 (2) 2000-2006
0%
688 Milan Fukal DF, MF 109 9 (3) 2000-2006
0%
624 Nico-Jan Hoogma DF 116 9 (3) 2000-2004
0%
598 Niels Oude Kamphuis DF, MF 119 6 (7) 2000-2006
0%
600 Thomas Riedl DF, MF 119 3 (6) 2000-2006
0%
442 Vinícius Bergantin DF 144 9 (1) 2002-2009
0%
No matching quizzes found
Score Distribution
Percent of People with Each Score
Percentile by Number Answered
Your Score History
You have not taken this quiz